Až covid pomine, budeme ještě silnější

V auguste oslávi Rastislav Tesár dvacať rokov práce v spoločnosti McDonalds a je príkladom toho, že absolventi VŠ a stredných škôl i každý kto by chcel prísť, môže tu robiť pestrú a zaujímavú prácu aj dlhodobo, nielen ako brigádu.

Salvato in:
Dettagli Bibliografici
Autore principale: Kazdová, Alena
Natura: Capitolo di libro
Lingua:ceco
Soggetti:
Tags: Aggiungi Tag
Nessun Tag, puoi essere il primo ad aggiungerne!!

MARC

LEADER 00000naa a2200000 4500
001 0277686
005 20210803115043.0
041 0 |a cze 
044 |a CZ 
245 1 0 |a Až covid pomine, budeme ještě silnější  |c Alena Kazdová 
520 |a V auguste oslávi Rastislav Tesár dvacať rokov práce v spoločnosti McDonalds a je príkladom toho, že absolventi VŠ a stredných škôl i každý kto by chcel prísť, môže tu robiť pestrú a zaujímavú prácu aj dlhodobo, nielen ako brigádu. 
610 2 0 |a stravovanie spoločné 
610 2 0 |a práca s ľuďmi 
610 2 0 |a zdroje ľudské 
610 2 0 |a vzdelanie vysokoškolské 
610 2 0 |a kariéra 
100 1 |a Kazdová, Alena